• 首页
  • 本馆介绍
  • 公告通知
  • 最新文献
  • 馆藏检索
  • 电子资源
  • 读者导购
  • 参考咨询
  • 我的图书馆
  • 登录
  • 详细信息显示
  • 放入我的书架
  • 预约/预借图书
  • 作者相关作品
  • 分类相关作品
  • 丛书相关作品
  • 出版社相关作品

书目信息

  • 表格格式
  • 工作单格式
  • 卡片格式
题名:
涂装技术
    
 
作者: 王锡春 主编
分册: 第二册   交通运输工具、机电产品涂装
出版信息: 北京   化学工业出版社  1988.9
页数: 475页
开本: 20厘米
丛书名:
单 册:
中图分类: TQ639
科图分类: 82.24
主题词: 涂漆
电子资源:
ISBN: 7-5025-0141-X
000 00845nam0 2200265 45
001 0189013165
005 20040518104828.0
010    @a7-5025-0141-X@dCNY5.80
020    @aCN@b89013165
100    @a19910304d1988 m y0chiy0120 ea
101 0  @achi
102    @aCN@b110000
105    @ay z 000yy
106    @ar
200 10 @a涂装技术@Atu zhuang ji shu@h第二册@i交通运输工具、机电产品涂装@Ijiao tong yun shu gong ju 、 ji dian chan pin tu zhuang@f王锡春等主编@Fwang xi chun deng zhu bian
210    @a北京@c化学工业出版社@d1988.9
215    @a475页@d20厘米
330    @a本书主要内容包括交通运输工具和机电产品涂装。
540 1  @a涂装 技术@Atu zhuang ji shu
606 0  @a涂漆
690    @aTQ639
692    @a82.24@v1974
701  0 @a王锡春@Awang xi chun@4主编
801  0 @aCN@bNLC@c19910304
905    @f4@b248456-459@dTQ639@e8:2
    
    涂装技术.第二册.交通运输工具、机电产品涂装/王锡春等主编.-北京:化学工业出版社,1988.9
    475页;20厘米
    
    
    ISBN 7-5025-0141-X:CNY5.80
    本书主要内容包括交通运输工具和机电产品涂装。
●
相关链接 在E读中查询图书 在五车中查询图书 在当当中查询图书 在豆瓣中查询图书


正题名:涂装技术     索取号:TQ639/8:2         预约/预借

序号 登录号 条形码 馆藏地/架位号 状态 备注
1 0248456   001480025   第三借阅区/ [索取号:TQ639/8:2] 在馆    
2 0248457   001479983   第三借阅区/ [索取号:TQ639/8:2] 在馆    
3 0248458   001480034   第三借阅区/ [索取号:TQ639/8:2] 在馆    
4 0248459   001480043   第三借阅区/ [索取号:TQ639/8:2] 在馆    
5 0248460   001479974   第二样本阅览室/ [索取号:TQ639/8:2] 在馆    
唐山师范学院图书馆 欢迎您!
大连网信软件有限公司© 版权所有